MDQL
is popping MORE tags! Check the
thread
!
Quizzes
Events
Quiz Creation
Community
Videos
Private Events
Remove Ads
Sign In
Join for FREE
Feedback
Dark Mode
Quiz Categories
Sports
Geography
Music
Movies
Television
Just For Fun
Miscellaneous
History
Literature
Language
Science
Gaming
Entertainment
Religion
Holiday
For Kids
Quiz Lab
Recent
Popular Today
Quiz Kudos Today
Editor Picks
Curator Picks
Quizzes by...
Day
Popularity
Type
Ratings
Length
Year
Community
Subscriptions
Recent Discussions
Orange Saloon
Badges
Playlists
Quests
Create
Leaderboards
Showdown
Live 5
Trivia Bingo
Activity
Puzzle Library
Sporcle Events
Private Events
Virtual Trivia
Globe League
Become a Host
Pub Owners
SporcleCon
Opinionation
Our Games
Videos
Blog
Mobile Apps
Partnerships
Remove Ads and Go Orange
Feedback
Movies
Disney
Marvel Cinematic Universe
Movie Resume
Movie Titles
Oscar
Actor
Actress
Director
Pixar
Role
Movie Quotes
Movie Characters
Box Office
Nominee
Best Picture
Star Wars
James Bond
Horror Movies
Movies
Disney
Marvel Cinematic Universe
Movie Resume
Movie Titles
Oscar
Actor
Actress
Director
Pixar
Role
Movie Quotes
Movie Characters
Box Office
Nominee
Best Picture
Star Wars
James Bond
Horror Movies
Random Quiz
Search Sporcle
×
Quiz Lab
Quiz Lab
Movies
Missing Word
Type in answers that appear in a list
Type in answers that appear in a list
Classic
Best Score? Go Orange.
Missing Word: Ocean Movies Stats
Can you name the Ocean Movies?
By
Royals12Gordon
4m
20 Questions
518 Plays
518 Plays
518 Plays
Comments
Comments
Give Quiz Kudos
Give Quiz Kudos
-
- Ratings
hide this ad
Replay
Link that replays current quiz
Next Quiz
Link to next quiz in quiz playlist
You Got
0%
They Got
Avg Score
60%
Avg Friend Score
Upgrade to see
Score Distribution
Jump to the score distribution portion of the page
Score
0/20
Timer
04:00
0
Plays Today
Hint
Ocean Movie
% Correct
Cast _
_
_
_
_
_
_
_
_
Away
96.7%
Finding _
_
_
_
_
_
_
_
_
_
Nemo
95.3%
The _
_
_
_
_
_
_
_
_
_
_
Mermaid
Little
93.9%
_
_
_
_
_
_
_
_
_
_
Blue Sea
Deep
92.6%
_
_
_
_
_
_
_
_
_
_
_
_
Dory
Finding
90.6%
_
_
_
_
_
_
_
_
_
_
Willy
Free
89.3%
Atlantis: The _
_
_
_
_
_
_
Empire
Lost
87.3%
The Perfect _
_
_
_
_
_
_
_
_
_
_
_
Storm
77.5%
Open _
_
_
_
_
_
_
_
_
Water
71.7%
_
_
_
_
_
_
_
_
_
_
Abyss
The
61.1%
Hint
Ocean Movie
% Correct
Black _
_
_
_
_
_
_
Sea
59.8%
_
_
_
_
_
_
_
_
is Lost
All
57.2%
Kon-
_
_
_
_
_
_
_
Tiki
52.9%
Planet _
_
_
_
_
_
_
_
_
_
_
Ocean
44.9%
_
_
_
_
_
_
_
_
_
_
_
Squall
White
32.6%
The _
_
_
_
_
_
_
Blue
Big
29.7%
_
_
_
_
_
_
_
_
_
_
Gold
Fools
25.8%
DeepStar _
_
_
_
_
Six
22.9%
Deep _
_
_
_
_
_
_
_
_
_
Rising
12.7%
A _
_
_
_
_
_
_
_
_
_
_
_
Ocean
Plastic
8.4%
Quiz Playlist
Details
Report
Send in Message
Add To Playlist
Classic:
Type in answers that appear in a list
Last Updated: Sep 19, 2017
Quiz Scoreboard
CHALLENGE
Sign Up to Join the Scoreboard
Show All
Scores
Hide
Comments
May contain spoilers
Recently Published
Two Season TV Shows II
by 123Four
Television
10m
Image Sorting: Flags VI
by Barbecue
Geography
2m
Find the 'City' Movie
by crazypaving
Movies
60s
More to Explore
Quiz From the Vault
Featured Blog Post
14 Easter Pick-up Lines to Find Eggs With
hide this ad
You Might Also Like...
Tags
Missing Word Quiz
ocean
oceanic
sea
Today's Top Quizzes in Movies
Browse Movies
hide this ad
Today's Top Quizzes in Missing Word
Browse Missing Word
Top Contributed Quizzes in Movies
1
The ultimate James Bond movie quiz
2
Find The 'Big' Movie
3
Find The 'Wild' Movie
4
Find The 'Blue' Movie
5
Movies By Plot
6
Hidden Star Wars Character II
7
Pick 5 Posters: Directed by Spielberg
8
Hidden Star Wars Character III
9
Hidden Star Wars Character IV
10
25 Best Actor Nominees (1990s)
Explore More
Trending Topics
Crossword
Anime
Kpop
Marvel
NBA
Harry Potter
Disney
The Office
Country
Song
Soccer
Puzzle
NFL
Pokémon
WWE
hide this ad
More By:
Royals12Gordon
Quiz
Plays
Rating
Category
Featured
Created
Missing Word: Slasher Films
8,025
4.55
Just For Fun
Sep 12, 2017
Green Day or The Offspring
5,618
4.70
Music
Jan 28, 2019
Missing Word: Zombie Movies
4,933
4.52
Just For Fun
Feb 10, 2019
Weird NBA Facts
4,848
4.45
Sports
Nov 26, 2017
Missing Word: Historical Films
4,704
4.65
Just For Fun
Sep 15, 2017
Go to Creator's Profile
Score Distribution
Quiz Creator Spotlight
Royals12Gordon
Follow
Send a Message
Quizzes Created
-
Created Quiz Play Count
-
More By This Creator
Popular Quizzes Today
1
Find the US States - No Outlines Minefield
2
Colored Red Africa Blitz
3
Find the 'City' Movie
4
5x2 Blitz: Bands
5
The Countries of the World
6
Find the Countries of Europe - No Outlines Minefield
7
Find the US States
8
US States
More Movies Quizzes
Superhero Movies by Opening Shots
Editor's Pick
Trending Quizzes
Colored Red Europe Blitz I
Colored Red Africa Blitz II
Colored Red Europe Blitz II
Colored Red Africa Blitz III
Colored Red Europe Blitz III
Recently Updated
How Do You Spell That?
pecheneg
Godzilla Movies
pecheneg
Grab Bag: 4-10 Letters
pecheneg
2024 March Madness Bracket
pecheneg
Famous TV Couples
Peacemaker
Champions League XIs: Real Madrid
pecheneg
Largest US Cities 1790-2010
pecheneg
Rides in Walt Disney World
pecheneg
Most Oscar Losses (Acting)
pecheneg
Beyoncé Albums
pecheneg
Trending Topics
NBA
Crossword
Marvel
Harry Potter
Anime
Kpop
Disney
Puzzle
Soccer
Song
Country
NFL
WWE
The Office
Pokémon
Your Account Isn't Verified!
In order to create a playlist on Sporcle, you need to verify the email address you used during registration. Go to your
Sporcle Settings
to finish the process.
Report this User
Report this user for behavior that violates our
Community Guidelines
.
Details:
Send Report
Go to the Sporcle.com Mobile Site →
Comments